Baseball Positions - Map Quiz - Statistics

General Stats
  • This quiz has been taken 1,145 times
  • The average score is 8 of 9
Answers on the Map
Answers color-coded by a green-red scale on the quiz's map according to % correct below.
 
Answer Stats
Answer % Correct
Center Fielder
92%
First Baseman
90%
Catcher
89%
Left Fielder
88%
Pitcher
88%
Third Baseman
88%
Right Fielder
86%
Shortstop
84%
Second Baseman
82%
No matching quizzes found
Score Distribution
Percent of People with Each Score
Percentile by Number Answered
Your Score History
You have not taken this quiz